00773cam a22001694a 4500020002300000020002600023020003400049020003700083040000800120082002600128100002800154245005900182260004300241300002600284520027600310650001700586 a0262232197 (cloth) a9780262232197 (cloth) a0262232332 (Solutions manual) a9780262232333 (Solutions manual) cDLC a330 MIT 2002 A066 Or.1 aWooldridge, Jeffrey M.,10aEconometric analysis of cross section and panel data / aCambridge, Mass. :bMIT Press,cc2002. axxi, 752 p. ;c24 cm. aThis text provides a rigorous treatment of contemporary methods used in microeconometric research. The book makes clear that applied microeconometrics is about the estimation of marginal and treatment effects, and that parametric estimation is simply a means to this end. 0aEconometrics